| 000 | 00435cam a2200169ua 4500 | ||
|---|---|---|---|
| 020 |
_a81-7000-183-8 _c250.00 |
||
| 041 |
_aeng _h |
||
| 082 |
_a027.7 _bRAM/AC |
||
| 100 | _aRaman Nair, R . | ||
| 245 |
_aAcademic library automation / _cR.Raman Nair. _hTextual Documents |
||
| 260 |
_aNew Delhi : _bEss Ess Publications , _c1995. |
||
| 300 | _a160 ; . | ||
| 365 | _a250.00 | ||
| 504 | _a | ||
| 942 | _cBK | ||
| 999 |
_c7673 _d7673 |
||